<?xml version="1.0" encoding="UTF-8"?>
<collection xmlns="http://www.loc.gov/MARC21/slim">
 <record>
  <leader>00425nam a22001575a 4500</leader>
  <controlfield tag="001">EHU.bham025121</controlfield>
  <controlfield tag="003">AR-BHAM</controlfield>
  <controlfield tag="005">20130508111358.0</controlfield>
  <controlfield tag="008">130507b######################000#0#####d</controlfield>
  <datafield tag="082" ind1="1" ind2="5">
   <subfield code="a">155.04</subfield>
  </datafield>
  <datafield tag="100" ind1="1" ind2=" ">
   <subfield code="a">Ribot, Th.</subfield>
  </datafield>
  <datafield tag="245" ind1="1" ind2="0">
   <subfield code="a">Las enfermedades de la voluntad /</subfield>
   <subfield code="c">Th. Ribot</subfield>
  </datafield>
  <datafield tag="300" ind1=" " ind2=" ">
   <subfield code="a">175 p.</subfield>
  </datafield>
  <datafield tag="653" ind1=" " ind2=" ">
   <subfield code="a">Psicologia</subfield>
  </datafield>
  <datafield tag="653" ind1=" " ind2=" ">
   <subfield code="a">Enfermedades</subfield>
  </datafield>
  <datafield tag="859" ind1=" " ind2=" ">
   <subfield code="a">AR-BHAM</subfield>
   <subfield code="b">BIB. HUMANIDADES - General</subfield>
   <subfield code="h">155.04</subfield>
   <subfield code="i">R357</subfield>
   <subfield code="p">832.02</subfield>
   <subfield code="t">Ej.1</subfield>
  </datafield>
 </record>
</collection>
